000 01197nam a2200217Ia 4500
003 Ost
005 20260416102357.0
008 260416s9999||||xx |||||||||||||| ||und||
040 _cfsecg
041 _aara
082 _a336
100 _aإكن، لونيس
_eمؤلف
245 0 _a المالية العامة /
_c لونيس إكن
260 _aالجزائر
_bجامعة الجزائر3: كلية العلوم الإقتصادية، العلوم التجارية وعلوم التسيير
_c2021
300 _a133 ورقة
_bايضاحات
_c30 سم
504 _aمراجع ص.127
520 _aنشأة و تطور المالية العامة و علاقتها بالعلوم الأخرى، النفقات العامة، الإيرادات العامة، الميزانية العامة، دور السياسة المالية في تحقيق التوازن الاقتصادي.
653 _aالمالية العامة
710 _aجامعة الجزائر3: كلية العلوم الإقتصادية، العلوم التجارية وعلوم التسيير
_eناشر علمي
942 _cHANDOUT
999 _c41270
_d41270